01685nam a2200421 i 450000100060000000300080000600500170001400600190003100700150005000800410006502000270010603500230013303500240015603500250018003500210020504000310022605000230025708200180028010000320029824501560033026400600048630000250054633600310057133700330060233800430063549000290067850000230070750400290073058801280075959001640088765000320105165000250108365500270110879700190113583000300115485600620118499900170124632249FlNmELB20241216220727.0m o d | cr cnu||||||||140224s2012 sp ob 001 0 spa d a9788490120583 (e-book) a(MiAaPQ)EBC3217537 a(Au-PeEL)EBL3217537 a(CaPaEBR)ebr10831676 a(OCoLC)991927014 aFINmELBbspaerdacFINmELB 4aKKT2460bG241 20120 a342.460852231 aGarrido Rodríguez, Pedro.10aInmigración y diversidad cultural en España :bun análisis histórico desde la perspectiva de los derechos humanos /cPedro Garrido Rodríguez. 1aSalamanca :bEdiciones Universidad de Salamanca,c2012. a1 recurso en línea atextobtxt2rdacontent/spa acomputadorabc2rdamedia/spa arecurso en líneabcr2rdacarrier/spa1 aColección vitor ;v299 aContiene índice. aContiene bibliografía. aDescripción basada en recurso en línea; Título de la página del título en PDF (e-libro, visto February 24, 2014). aRecurso electrónico. Santa Fe, Arg.: e-libro, 2015. Disponible vía World Wide Web. El acceso puede estar limitado para las bibliotecas afiliadas a e-libro. 4aDerechos humanoszEspaña. 0aHuman rightszSpain. 4aLibros electrónicos.2 ae-libro, Corp. 0aColección vitor ;v299.40uhttps://elibro.net/ereader/politecnicointernacional/55656 c32249d32249